Little Black Sambo, (Record no. 18035)

MARC details
000 -LEADER
fixed length control field 00653cam a22002291 4500
001 - CONTROL NUMBER
control field ca 36000213
003 - CONTROL NUMBER IDENTIFIER
control field DLC
005 - DATE AND TIME OF LATEST TRANSACTION
control field 20260227111140.0
008 - FIXED-LENGTH DATA ELEMENTS--GENERAL INFORMATION
fixed length control field 890622s1936 maua 000 0 eng
010 ## - LIBRARY OF CONGRESS CONTROL NUMBER
LC control number ca 36000213
035 ## - SYSTEM CONTROL NUMBER
System control number (OCoLC)19908767
040 ## - CATALOGING SOURCE
Original cataloging agency DLC
Transcribing agency RPB
Modifying agency DLC
042 ## - AUTHENTICATION CODE
Authentication code premarc
050 00 - LIBRARY OF CONGRESS CALL NUMBER
Classification number PN6120.A5
Item number H823
082 ## - DEWEY DECIMAL CLASSIFICATION NUMBER
Classification number 812.5
100 1# - MAIN ENTRY--PERSONAL NAME
Personal name Hubbard, Margaret Ann,
Dates associated with a name 1909-
245 10 - TITLE STATEMENT
Title Little Black Sambo,
Statement of responsibility, etc. by Margaret Ann Hubbard ...
260 ## - PUBLICATION, DISTRIBUTION, ETC.
Place of publication, distribution, etc. Boston, Mass.,
-- Los Angeles, Cal.
Name of publisher, distributor, etc. [Walter H. Baker Company,
Date of publication, distribution, etc. c1936]
300 ## - PHYSICAL DESCRIPTION
Extent 31 p.
Other physical details diagr.
Dimensions 19 cm.
490 0# - SERIES STATEMENT
Series statement Bakers̕ royalty plays
500 ## - GENERAL NOTE
General note Music: p. 26-27.

No items available.

Powered by Koha